Detalles MARC
| 000 -LIDER |
| fixed length control field |
02755nam a2200253 a 4500 |
| 001 - NÚMERO DE CONTROL |
| Identificador de número de control |
000029135 |
| 003 - IDENTIFICACDOR DE NÚMERO DE CONTROL |
| control field |
DO-SdBNP |
| 005 - DATE AND TIME OF LATEST TRANSACTION |
| control field |
20221019105616.0 |
| 007 - CAMPOS FIJOS DE DESCRIPCIÓN FÍSICA |
| fixed length control field |
000029135 |
| 008 - ELEMENTOS DE LONGITUD FIJA |
| fixed length control field |
110413s2000 dr a 000 0 spa d |
| 040 ## - FUENTE DE CATALOGACIÓN |
| Agencia que crea de manera original el registro |
BPMSU |
| Idioma de catalogación |
spa |
| Agencia que realiza la transcripción |
BPMSU |
| 082 #4 - NÚMERO DE CLASIFICACIÓN DECIMAL DE DEWEY |
| Classification number |
304.89 |
| Item number |
V422t 2000 |
| Edition number |
22 |
| 100 1# - ASIENTO PRINCIPAL -- NOMBRE PERSONAL |
| Nombre personal |
Vega, Bernardo, |
| Fechas asociadas con el nombre |
1938- |
| 245 10 - MENCIÓN DE TITULO |
| Título |
Tendencias migratorias hacia los Estados Unidos de dominicanos y otros ciudadanos caribeños : |
| Subtítulo |
análisis de las tendencias de la migración legal e ilegal, la deportación de criminales y el impacto negativo de la legislación migratoria norteamericana de 1996 / |
| Mención de responsabilidad |
Bernardo Vega; Roberto Desprandel. |
| 260 ## - PUBLICACIÓN, DISTRIBUCIÓN, ETC. (PIE DE IMPRENTA) |
| Lugar de publicación, distribución, etc |
Santo Domingo : |
| Nombre del editor, distribuidor, etc. |
Organización Internacional para las Migraciones(IOM, OIM), |
| -- |
Facultad Latinoamericana de Ciencias Sociales (FLACSO), |
| Fecha de publicación, distribución, etc |
2000. |
| 300 ## - DESCRIPCIÓN FÍSICA |
| Extensión |
41 p. : |
| Otros detalles físicos |
il., ; |
| Dimensiones |
22 cm. |
| 505 2# - NOTA DE CONTENIDO |
| Texto normalizado de contenido |
Tendencias en la migración legal hacia los Estados Unidos desde el Caribe insular 10|Migración legal desde el Caribe insular hacia los Estados Unidos 12|Migración legal a los Estados Unidos desde la República dominicana 14|Migración a los Estados Unidos desde el Caribe insular 15|Estimación de la población de inmigrantes ilegales sobre la base de los veinte países de rigen e mayor volumen para 1996 17|Interdicciones de inmigrantes cubaos, haitianos y dominicanos por parte de la guardia costera norteamericana 18|Inmigrantes admitidos, provenientes de los veinte países de origen más importantes, para el año fiscal 1995-1996 20|Emigrantes a los Estados Unidos en 1996 bajo el mecanismo de unificación familiar 21|Migración bajo auspicio familiar en la región caribeña (1996) 23|Porciento de la migración legal que está siendo auspiciada por familiares - 1996 25|Requisitos para el afidávit de apoyo del auspiciante 27|Población dominicana (nacida en el extranjero). Datos del censo de 1990 - ajustado por el índice de precios al consumidor 29|Población dominicana (nacida en el extranjero). Datos del censo de 1990 - ingreso familiar - ajustado por el índice de precios al consumidor 31|Porciento de visas de inmigración rehusadas en los consulados norteamericanos en la República Dominicana 33|Remoción de deportados criminales a países caribeños por año fiscal 37|Remoción de deportados criminarles hacia países caribeños 38|Porciento de la población nacida en el extranjero y que proviene del Caribe insular que se hacen ciudadanos norteamericanos 40 |
| 651 #4 - ENCABEZAMIENTO DE MATERIA--NOMBRE GEOGRÁFICO |
| Nombre geográfico |
República Dominicana |
| Subdivisión temática general |
Migración e inmigración |
| Subdivisión geográfica |
Estados Unidos |
| 651 #4 - ENCABEZAMIENTO DE MATERIA--NOMBRE GEOGRÁFICO |
| Nombre geográfico |
Caribe (Región) |
| Subdivisión temática general |
Migración e inmigración. |
| 651 #4 - ENCABEZAMIENTO DE MATERIA--NOMBRE GEOGRÁFICO |
| Nombre geográfico |
Estados Unidos |
| Subdivisión temática general |
Migración e inmigración |
| Subdivisión geográfica |
República Dominicana |
| 700 1# - ASIENTO SECUNDARIO -- NOMBRE PERSONAL |
| Nombre personal |
Desprandel, Roberto |
| 910 ## - VALIDACIÓN |
| Validación |
VMateo V./Validado |
| 942 ## - ADDED ENTRY ELEMENTS (KOHA) |
| Source of classification or shelving scheme |
Dewey Decimal Classification |
| Koha item type |
Libros |